| 000 | 01145cam a2200241 4500 | ||
|---|---|---|---|
| 001 | ABS63341 | ||
| 008 | 000000n2000 000 0 eng u | ||
| 035 | _a(Sirsi) u110302 | ||
| 100 | _aFurst, S | ||
| 245 | 4 | _aThe comeback kid | |
| 260 | _c2000 | ||
| 490 |
_aBuilding _v265(8166) 15 December 2000, 72(1) |
||
| 520 | _aDescribes how negligence claims, once common for multi-party actions, may still be used in cases where the law will still impose a duty of care for both economic and physical loss. Multi-party actions for negligence had been common in the 1970s and 1980s but were stemmed by the ruling in "Murphy". Using cases since the 1990s, the article shows that a duty of care for economic loss has become difficult and complex but that duty of care for physical loss is more easily established, at least where the wrongdoer is a builder - but such claims are few. | ||
| 590 | _aABS | ||
| 650 | _aCONTRACTORS | ||
| 650 | _aNEGLIGENCE | ||
| 650 | _aDUTY OF CARE | ||
| 650 | _aPHYSICAL LOSS | ||
| 650 | _aECONOMIC LOSS | ||
| 650 | _aMURPHY V BRENTWOOD | ||
| 690 | _aPROFESSIONAL PRACTICE-NEGLIGENCE-CASE LAW | ||
| 942 | _n0 | ||
| 999 |
_c65778 _d65778 |
||